000 02158cam a22002058i 4500
999 _c38180
_d38180
020 _a9781032454269
041 _aeng
082 0 0 _a615.50724
_bJUL-S
100 1 _aJulious, Steven A.
_eauthor.
245 1 0 _aSample sizes for clinical trials /
_cSteven A. Julious, University of Sheffield, United Kingdom.
250 _aSecond edition.
260 _aBoca Raton :
_bCRC,
_c2023.
300 _axxiv, 396p.
504 _aIncludes bibliographical references and index.
520 _a"Sample Sizes for Clinical Trials, Second Edition is a practical book that assists researchers in their estimation of the sample size for clinical trials. Throughout the book there are detailed worked examples to illustrate both how to do the calculations and how to present them to colleagues or in protocols. The book also highlights some of the pitfalls in calculations as well as the key steps that lead to the final sample size calculation. Features: comprehensive coverage of sample size calculations, including normal, binary, ordinal, and survival outcome data, covers superiority, equivalence, non-inferiority, bioequivalence and precision objectives for both parallel group and crossover designs, highlights how trial objectives impact the study design with respect to both the derivation of sample formulae and the size of the study, and examples of real-life clinical trials showing how the calculations can be applied. This new edition is extended with all chapters revised, some substantially, and four completely new chapters on multiplicity, cluster trials, pilot studies, and single arm trials. The book is primarily aimed at researchers and practitioners of clinical trials and biostatistics, and could be used to teach a course on sample size calculations. The importance of a sample size calculation when designing a clinical trial is highlighted in the book. It enables readers to quickly find an appropriate sample size formula, with an associated worked example, complemented by tables to assist in the calculations"--
546 _aEnglish.
650 0 _aClinical trials
_xStatistical methods.
650 0 _aSampling (Statistics)
942 _2ddc
_cBK